000 00556nam a22001577a 4500
999 _c535301
_d535301
020 _qHard Cover.
082 _a624.1
100 _aKhan, Mustafa Kamal
245 _aCauses of incompatibility between design and construction in building construction /
_cMustafa Kamal Khan.
260 _aIslamabad:
_bNIT NUST,
_c2012.
300 _a81 p. :
_bill. ;
_c30cm.
942 _2ddc
_cTHE
650 _aConstruction Engineering and Management MS-Thesis.
_917023
700 _aDr. Hamza Farooq Gabriel
_927413